| 000 | 00831nab a2200229 4500 | ||
|---|---|---|---|
| 003 | BR-BrBNA | ||
| 005 | 20240815114714.0 | ||
| 008 | 240815b bl.||||| |||| 00| 0 por d | ||
| 040 |
_aBR-BrBNA _bpor |
||
| 072 |
_aF01 ; F30 ; Q04 _b1112 |
||
| 245 |
_aCultivo de banana será retomado com força total _bBananicultura |
||
| 500 | _a1 illus. | ||
| 650 | _aBANANICULTURA | ||
| 650 | _aVARIEDADE RESISTENTE | ||
| 650 | _aMELHORAMENTO GENÉTICO VEGETAL | ||
| 650 | _aCERTIFICAÇÃO DE PRODUTO | ||
| 650 | _aQUALIDADE DO ALIMENTO | ||
| 650 | _aTOCANTINS | ||
| 773 | 0 |
_04604 _9317180 _dPalmas - Tocantins Terranova Gráfica e Editora Jornalística Ltda 2005 _o2024-3804 _tCerrado Rural Agronegócios (Brazil) _x1980-2595 _gv. 3(9) p. 35; (Jul-Aug 2005) _wBR2024002430 |
|
| 942 | _cAnalítica | ||
| 999 |
_c300898 _d300898 |
||